000 00468nam a2200193Ia 4500
008 170918s9999 xx 000 0 und d
020 _a9780439830072
050 _bS214 2006
100 _aSander, Sonia
245 _aTwin gifts /
245 _cSonia Sander ; illustrated by Juay Johnson.
260 _aNew York :
260 _bScholastic,
260 _c2006
300 _aunpaged :
300 _bcolored illustration ;
300 _c21cm.
500 _a750
999 _c342133
_d342133